|
|
|
|
| LEADER |
01589nam a2200349 u 4500 |
| 001 |
10115338 |
| 003 |
upatras |
| 005 |
20250315063440.0 |
| 008 |
150304s1981 us 1 eng |
| 020 |
|
|
|a 0070204829
|
| 040 |
|
|
|a GR-PaULI
|b gre
|c GR-PaULI
|e AACR2
|
| 041 |
0 |
|
|a eng
|
| 082 |
0 |
4 |
|2 23
|a 519.5
|
| 100 |
1 |
|
|a Ferguson, George A.
|q (George Andrew)
|4 συγγραφέας
|9 142911
|
| 245 |
1 |
0 |
|a Statistical analysis in psychology and education /
|c George A. Ferguson.
|
| 250 |
|
|
|a 5η έκδ.
|
| 260 |
|
|
|a New York :
|b McGraw-Hill,
|c 1981.
|
| 300 |
|
|
|a x, 549 σ. :
|b πίν. ;
|c 21 εκ.
|
| 490 |
1 |
|
|a McGraw-Hill series in psychology
|
| 504 |
|
|
|a Περιέχει βιβλιογραφικές αναφορές και ευρετήριο.
|
| 650 |
|
4 |
|a Στατιστική
|9 85
|
| 650 |
|
4 |
|a Εκπαιδευτική στατιστική
|9 51428
|
| 650 |
|
0 |
|a Ψυχομετρία
|9 786
|
| 760 |
1 |
|
|a McGraw-Hill series in psychology
|
| 830 |
|
0 |
|a McGraw-Hill series in psychology
|9 162746
|
| 852 |
|
|
|a GR-PaULI
|b ΠΑΤΡΑ
|b ΒΚΠ
|b ΒΣ1
|k ΑΣΧΞ
|h 519.5 FER
|m 125513
|p 025000040174
|t 1
|
| 942 |
|
|
|2 ddc
|c BK15
|
| 952 |
|
|
|0 0
|1 0
|4 0
|6 519_500000000000000_FER
|7 0
|9 175012
|a LISP
|b LISP
|c BSC
|d 2016-04-24
|i 125513
|l 0
|o 519.5 FER
|p 025000040174
|r 2016-04-24 00:00:00
|t 1
|w 2016-04-24
|y BK15
|
| 952 |
|
|
|0 0
|1 0
|2 ddc
|4 0
|6 519_500000000000000_FER
|7 0
|9 365298
|a PTDE
|b PTDE
|d 2022-10-19
|i 12562
|l 0
|o 519.5 FER
|p 025000212404
|r 2022-10-19 00:00:00
|t 2
|v 2022.00
|w 2022-10-19
|y BK15
|z Δωρεά Σ. Παντελή
|
| 998 |
|
|
|c ΜΠΟΥΡΑΣ
|d 2015-03
|
| 998 |
|
|
|c ΤΣΕΝΕ
|d 2023-03
|
| 999 |
|
|
|c 109107
|d 109107
|